Arquitectura fantástica mexicana (Record no. 1445)

MARC details
000 -CABECERA
campo de control de longitud fija 00835nam a2200229 a 4500
001 - NÚMERO DE CONTROL
campo de control BRCA_1647
005 - FECHA Y HORA DE LA ÚLTIMA TRANSACCIÓN
campo de control 20190320203506.0
008 - DATOS DE LONGITUD FIJA--INFORMACIÓN GENERAL
campo de control de longitud fija 920511s1991 mx-a---##b---#000-0#spa-d
020 ## - NÚMERO INTERNACIONAL ESTÁNDAR DEL LIBRO
Número Internacional Estándar del Libro 9688244600
040 ## - FUENTE DE LA CATALOGACIÓN
Centro catalogador/agencia de origen DLC
Centro/agencia transcriptor DLC
Centro/agencia modificador DLC
050 #4 - SIGNATURA TOPOGRÁFICA DE LA BIBLIOTECA DEL CONGRESO
Número de clasificación NA750
Número de documento/Ítem .A74 1991
245 10 - MENCIÓN DE TÍTULO
Título Arquitectura fantástica mexicana
Mención de responsabilidad, etc. fotografía Gabriel Figueroa Flores ; investigación Margarita Mansilla y Jorge Huft ; textos Gonzalo Celorio, Jorge Loyzaga, Margarita Mansilla.
260 ## - PUBLICACIÓN, DISTRIBUCIÓN, ETC.
Lugar de publicación, distribución, etc. México
Nombre del editor, distribuidor, etc. IMSS
Fecha de publicación, distribución, etc. [1991].
300 ## - DESCRIPCIÓN FÍSICA
Extensión 190 p.
Otras características físicas il. (algunas a color)
Dimensiones 31 cm.
504 ## - NOTA DE BIBLIOGRAFÍA, ETC.
Nota de bibliografía, etc. Bibliografía : p. 189-190
650 14 - PUNTO DE ACCESO ADICIONAL DE MATERIA--TÉRMINO DE MATERIA
Término de materia o nombre geográfico como elemento de entrada Arquitectura
Subdivisión general Temas, motivos
Subdivisión geográfica México
9 (RLIN) 5140
700 1# - PUNTO DE ACCESO ADICIONAL--NOMBRE DE PERSONA
Nombre de persona Figueroa Flores, Gabriel
Fechas asociadas al nombre 1952-
9 (RLIN) 5141
700 1# - PUNTO DE ACCESO ADICIONAL--NOMBRE DE PERSONA
Nombre de persona Celorio, Gonzalo
9 (RLIN) 5142
700 1# - PUNTO DE ACCESO ADICIONAL--NOMBRE DE PERSONA
Nombre de persona Loyzaga, Jorge
9 (RLIN) 3263
700 1# - PUNTO DE ACCESO ADICIONAL--NOMBRE DE PERSONA
Nombre de persona Mansilla, Margarita
9 (RLIN) 5143
942 ## - ELEMENTOS DE PUNTO DE ACCESO ADICIONAL (KOHA)
Fuente del sistema de clasificación o colocación Library of Congress Classification
Tipo de ítem Koha Libros
Holdings
Estado de retiro Estado de pérdida Estado dañado No para préstamo Localización permanente Ubicación/localización actual Fecha de adquisición Total de préstamos Signatura topográfica completa Código de barras Fecha visto por última vez Precio válido a partir de Tipo de ítem Koha
El ejemplar forma parte de la colección y puede ser consultado según las políticas vigentes.       Biblioteca del Museo Franz Mayer (Rogerio Casas-Alatriste) Biblioteca del Museo Franz Mayer (Rogerio Casas-Alatriste) 27/06/2008   NA750 .A74 1991 02220 22/03/2019 22/03/2019 Libros